000 00583cam a22002053a 4500
001 45449
003 PGUSA
005 20140828084042.0
008 140421s2014||||xxu|||||s|||||000 | eng d
040 _aPGUSA
_beng
042 _adc
100 1 _aGrierson, Francis
245 1 0 _aAbraham Lincoln :
_bThe Practical Mystic
_h[electronic resource] /
_cFrancis Grierson
260 _bProject Gutenberg,
_c2014
506 _aPublic domain in the USA.
516 _aElectronic text
830 0 _aProject Gutenberg
_v45449
856 4 0 _uhttp://www.gutenberg.org/ebooks/45449
942 _cEB
999 _c274700
_d274700